[Event "BL2-Sued 2122"]
[Site "Germany"]
[Date "2022.06.19"]
[Round "8.3"]
[White "Goebel, Constantin"]
[Black "Nemeth, Miklos"]
[Result "1/2-1/2"]
[WhiteElo "2259"]
[BlackElo "2451"]
[PlyCount "82"]
[EventDate "2022.03.05"]
[EventType "team-tourn"]
[EventRounds "10"]
[EventCountry "GER"]
[SourceTitle "EXT 2023"]
[Source "ChessBase"]
[SourceDate "2022.10.05"]
[SourceVersion "1"]
[SourceVersionDate "2022.10.05"]
[SourceQuality "1"]
[WhiteTeam "Schott Mainz"]
[BlackTeam "Speyer Schwegenheim"]
[WhiteTeamCountry "GER"]
[BlackTeamCountry "GER"]

1. e4 e5 2. Nf3 Nc6 3. Bb5 a6 4. Ba4 Nf6 5. 0-0 Be7 6. Re1 b5 7. Bb3 d6 8. c3 0-0 9. h3 Bb7 10. d4 Re8 11. Ng5 Rf8 12. Nf3 h6 13. Nbd2 Re8 14. Nf1 Bf8 15. Ng3 Na5 16. Bc2 Nc4 17. b3 Nb6 18. a4 bxa4 19. bxa4 a5 20. Bd3 g6 21. Qb3 Nfd7 22. Rb1 Bg7 23. Be3 exd4 24. cxd4 d5 25. Bf4 Re6 26. Rbc1 Rc8 27. Qb5 Qe7 28. Rxc7 Rxc7 29. Bxc7 dxe4 30. Bxe4 Nf6 31. Bxb6 Nxe4 32. Nxe4 Bxe4 33. Nd2 Bc6 34. Rxe6 Qxe6 35. Qxa5 Qe1+ 36. Nf1 Qxa5 37. Bxa5 Bxd4 38. Bd2 Bxa4 39. Bxh6 f6 40. Bd2 Bc6 41. Nh2 Kf7 1/2-1/2

[Event "BL2-West 1920"]
[Site "Germany"]
[Date "2020.03.01"]
[Round "7.5"]
[White "Goebel, Constantin"]
[Black "Zavgorodniy, Sergiy"]
[Result "1-0"]
[WhiteElo "2246"]
[BlackElo "2425"]
[PlyCount "111"]
[EventDate "2019.09.19"]
[EventType "team-tourn"]
[EventRounds "9"]
[EventCountry "GER"]
[SourceTitle "EXT 2023"]
[Source "ChessBase"]
[SourceDate "2022.10.05"]
[SourceVersion "1"]
[SourceVersionDate "2022.10.05"]
[SourceQuality "1"]
[WhiteTeam "Schott Mainz"]
[BlackTeam "Siegburg"]
[WhiteTeamCountry "GER"]
[BlackTeamCountry "GER"]

1. e4 e5 2. Nf3 d6 3. d4 exd4 4. Nxd4 Nf6 5. Nc3 Be7 6. Bc4 0-0 7. 0-0 c6 8. a4 Nxe4 9. Nxe4 d5 10. Bd3 dxe4 11. Bxe4 Bf6 12. c3 Re8 13. Bc2 Bxd4 14. cxd4 Be6 15. Ra3 Nd7 16. Rg3 Nf8 17. b3 Qd7 18. d5 Qxd5 19. Bb2 g6 20. Qc1 f6 21. Bxf6 Bf5 22. Ba1 Bxc2 23. Qb2 Ne6 24. Qh8+ Kf7 25. Qxh7+ Kf8 26. Rf3+ Qxf3 27. gxf3 Rad8 28. Qh8+ Ke7 29. Bf6+ Kd6 30. Qh6 Kc7 31. Bxd8+ Rxd8 32. Qe3 Nd4 33. Re1 Bxb3 34. Qf4+ Kb6 35. Re7 Rd5 36. Qc7+ Kc5 37. Re3 Rg5+ 38. Kh1 Kc4 39. Qxb7 Bd1 40. Qf7+ Rd5 41. Kg2 a5 42. Qxg6 Bxa4 43. Qd3+ Kc5 44. Qc3+ Kb6 45. Re5 Nc2 46. Rxd5 cxd5 47. h4 d4 48. Qd2 d3 49. Kg3 Bb5 50. h5 a4 51. h6 a3 52. h7 a2 53. h8Q a1Q 54. Qxa1 Nxa1 55. Qb2 Nc2 56. Qc3 1-0

[Event "BL2-West 1920"]
[Site "Germany"]
[Date "2020.02.09"]
[Round "6.5"]
[White "De Gleria, Francesco"]
[Black "Goebel, Constantin"]
[Result "1-0"]
[WhiteElo "2380"]
[BlackElo "2246"]
[PlyCount "147"]
[EventDate "2019.09.19"]
[EventType "team-tourn"]
[EventRounds "9"]
[EventCountry "GER"]
[SourceTitle "EXT 2023"]
[Source "ChessBase"]
[SourceDate "2022.10.05"]
[SourceVersion "1"]
[SourceVersionDate "2022.10.05"]
[SourceQuality "1"]
[WhiteTeam "Duesseldorf"]
[BlackTeam "Schott Mainz"]
[WhiteTeamCountry "GER"]
[BlackTeamCountry "GER"]

1. e4 c5 2. Nf3 Nc6 3. d4 cxd4 4. Nxd4 e5 5. Nb5 d6 6. N1c3 a6 7. Na3 Be7 8. g3 b5 9. Nd5 Nf6 10. Bg2 0-0 11. 0-0 Nxd5 12. exd5 Nb8 13. c4 Nd7 14. cxb5 axb5 15. Nc2 f5 16. Nb4 Bf6 17. Nc6 Qe8 18. Re1 Qf7 19. Bd2 Nb6 20. Bb4 e4 21. Bxd6 Re8 22. Bf1 Ba6 23. Qb3 Nc4 24. Bf4 Nxb2 25. d6 Nc4 26. Rad1 Rec8 27. Nd4 g5 28. Bc1 Bxd4 29. Rxd4 Ne5 30. Bg2 Rc4 31. Rdd1 h6 32. Bb2 Nd7 33. Ba1 Rac8 34. f3 Rc2 35. fxe4 Qxb3 36. axb3 Bb7 37. Bh1 fxe4 38. Bxe4 Bxe4 39. Rxe4 Rc1 40. Rde1 R8c6 41. Re8+ Kf7 42. R8e7+ Kg6 43. Rxc1 Rxc1+ 44. Kf2 Rxa1 45. Rxd7 Rd1 46. Ke2 Rd5 47. Rd8 Kf7 48. d7 Ke7 49. Rh8 Kxd7 50. Rxh6 Rd4 51. Rh5 Rb4 52. Rxg5 Rxb3 53. h4 Ke6 54. h5 Kf6 55. Rg6+ Kf7 56. Kf2 b4 57. Rb6 Rb1 58. g4 b3 59. Kg2 b2 60. Kh2 Kg7 61. g5 Kg8 62. Rb7 Kh8 63. h6 Rc1 64. Rxb2 Rc5 65. Rg2 Kh7 66. g6+ Kg8 67. Rg3 Rb5 68. Ra3 Rb8 69. Kg3 Rc8 70. Re3 Rb8 71. Kg4 Rc8 72. Re5 Ra8 73. Kg5 Rf8 74. h7+ 1-0

[Event "BL2-West 1819"]
[Site "Germany"]
[Date "2018.11.11"]
[Round "2.6"]
[White "Goebel, Constantin"]
[Black "Wittenberg, Andreas"]
[Result "1-0"]
[WhiteElo "2214"]
[BlackElo "2221"]
[PlyCount "81"]
[EventDate "2018.11.21"]
[EventType "team-tourn"]
[EventRounds "9"]
[EventCountry "GER"]
[SourceTitle "CBM 190 Extra"]
[Source "ChessBase"]
[SourceDate "2019.07.15"]
[SourceVersion "1"]
[SourceVersionDate "2019.07.15"]
[SourceQuality "1"]
[WhiteTeam "Mainz Schott"]
[BlackTeam "Muelheim Nord II"]
[WhiteTeamCountry "GER"]
[BlackTeamCountry "GER"]

1. e4 e6 2. d4 d5 3. Nc3 Nc6 4. Nf3 Nf6 5. e5 Ne4 6. Bd3 Bb4 7. Bd2 Nxd2 8. Qxd2 f6 9. a3 Ba5 10. b4 Bb6 11. Bb5 Bd7 12. 0-0 0-0 13. Rae1 f5 14. Nxd5 exd5 15. e6 Bxe6 16. Rxe6 Ne7 17. Rfe1 Ng6 18. Be8 Nh4 19. Ng5 h6 20. Nf7 Rxf7 21. Bxf7+ Kxf7 22. Re7+ Qxe7 23. Rxe7+ Kxe7 24. Qe2+ Kf8 25. Qh5 Re8 26. Kf1 Bxd4 27. Qxh4 Bf6 28. Qf4 Re5 29. Qf3 Ke7 30. Qc3 Kd7 31. Qc5 b6 32. Qb5+ Kc8 33. Qc6 Kb8 34. a4 Re4 35. a5 bxa5 36. bxa5 Kc8 37. a6 d4 38. Qb7+ Kd7 39. Qxa7 Re6 40. Qb7 Rb6 41. Qxb6 1-0

[Event "BL2-Sued 1617"]
[Site "Germany"]
[Date "2016.10.16"]
[Round "1.6"]
[White "Schlosser, Philipp"]
[Black "Goebel, Constantin"]
[Result "1/2-1/2"]
[WhiteElo "2523"]
[BlackElo "2201"]
[PlyCount "109"]
[EventDate "2016.10.16"]
[EventType "team-tourn"]
[EventRounds "9"]
[EventCountry "GER"]
[SourceTitle "CBM 175 Extra"]
[Source "ChessBase"]
[SourceDate "2016.12.12"]
[SourceVersion "1"]
[SourceVersionDate "2016.12.12"]
[SourceQuality "1"]
[WhiteTeam "Deizisau"]
[BlackTeam "Schott Mainz"]
[WhiteTeamCountry "GER"]
[BlackTeamCountry "GER"]

1. c4 Nf6 2. Nf3 e6 3. g3 d5 4. Bg2 Be7 5. 0-0 0-0 6. d4 dxc4 7. Ne5 Nc6 8. Nxc6 bxc6 9. Na3 Nd5 10. Nxc4 c5 11. Na5 cxd4 12. Nc6 Qe8 13. Nxe7+ Qxe7 14. Qxd4 c5 15. Qe5 Rd8 16. Rd1 Bb7 17. Bd2 Rac8 18. Ba5 Rd7 19. Rac1 Nb6 20. Rxd7 Nxd7 21. Qe3 Bxg2 22. Kxg2 Qd6 23. b3 h6 24. Bc3 f6 25. Bb2 Nb6 26. Qe4 Qd5 27. Qxd5 exd5 28. Ba3 c4 29. Bb2 Kf7 30. Bd4 Ke6 31. Kf3 Rc7 32. g4 Nc8 33. bxc4 dxc4 34. Bc3 Nd6 35. Rb1 h5 36. h3 hxg4+ 37. hxg4 Rc6 38. a4 Kd5 39. e4+ Ke6 40. Ke3 Ra6 41. Rb4 Rc6 42. f4 Rc8 43. f5+ Kd7 44. Kf4 Ke7 45. Rb1 Kd7 46. Rd1 Rc6 47. Rd5 Kc7 48. e5 fxe5+ 49. Rxe5 Kd7 50. Ra5 a6 51. Rd5 Ke7 52. Bb4 c3 53. Ke5 c2 54. Rxd6 Rc5+ 55. Bxc5 1/2-1/2

[Event "BL2-Sued 1314"]
[Site "Germany"]
[Date "2013.10.13"]
[Round "1.5"]
[White "Wirig, Anthony"]
[Black "Goebel, Constantin"]
[Result "1-0"]
[WhiteElo "2495"]
[BlackElo "2210"]
[PlyCount "81"]
[EventDate "2013.10.13"]
[EventType "team-tourn"]
[EventRounds "9"]
[EventCountry "GER"]
[SourceTitle "EXT 2015"]
[Source "ChessBase"]
[SourceDate "2014.11.20"]
[SourceVersion "1"]
[SourceVersionDate "2014.11.20"]
[SourceQuality "1"]
[WhiteTeam "Schwaebisch Hall"]
[BlackTeam "Schott Mainz"]
[WhiteTeamCountry "GER"]
[BlackTeamCountry "GER"]

1. d4 Nf6 2. Nf3 e6 3. c4 Bb4+ 4. Bd2 c5 5. Bxb4 cxb4 6. Qb3 a5 7. a3 Na6 8. Nbd2 d6 9. g3 0-0 10. Bg2 Re8 11. 0-0 e5 12. e3 h6 13. Ne1 Qb6 14. c5 dxc5 15. Nc4 Qe6 16. dxe5 Nd7 17. f4 Nb6 18. Nxa5 c4 19. Qd1 b3 20. Rc1 Nc5 21. Nxc4 Nxc4 22. Qd4 Nxb2 23. Rxc5 Na4 24. Rc4 b5 25. Rb4 Rb8 26. Bd5 Qe7 27. Nd3 Rd8 28. e4 Nb6 29. Rxb3 Nxd5 30. exd5 Be6 31. Nb4 Qb7 32. Rd3 Rbc8 33. f5 Rc4 34. Qf2 Bc8 35. e6 Qe7 36. Qe3 Bb7 37. Rfd1 Qd6 38. Re1 f6 39. e7 Re8 40. Qe6+ Qxe6 41. fxe6 1-0

[Event "GER-ch U18"]
[Site "Oberhof"]
[Date "2013.05.21"]
[Round "4"]
[White "Goebel, Constantin"]
[Black "Mueller, Nick"]
[Result "1/2-1/2"]
[WhiteElo "2245"]
[BlackElo "2160"]
[PlyCount "72"]
[EventDate "2013.05.19"]
[EventType "swiss"]
[EventRounds "9"]
[EventCountry "GER"]
[SourceTitle "CBM 154 Extra"]
[Source "ChessBase"]
[SourceDate "2013.06.25"]
[SourceVersion "2"]
[SourceVersionDate "2013.06.25"]
[SourceQuality "1"]

1. e4 e5 2. Nf3 Nc6 3. Bb5 a6 4. Ba4 Nf6 5. 0-0 Be7 6. Re1 b5 7. Bb3 d6 8. c3 0-0 9. h3 Nb8 10. d4 Nbd7 11. Nbd2 Bb7 12. Bc2 Re8 13. Nf1 Bf8 14. Ng3 g6 15. a4 c5 16. d5 c4 17. Bg5 h6 18. Be3 Nc5 19. Qd2 h5 20. Ra3 Nfd7 21. Rea1 Qc7 22. Bh6 Be7 23. Bg5 Nb6 24. Bxe7 Qxe7 25. Qh6 Qf8 26. Qg5 Qe7 27. Qxe7 Rxe7 28. axb5 axb5 29. Rxa8+ Nxa8 30. Ra5 Nc7 31. Nd2 Re8 32. b3 Ba6 33. Ngf1 Rb8 34. b4 Nd7 35. Ne3 Kf8 36. Kf1 Ra8 1/2-1/2

[Event "BL2-Sued 1213"]
[Site "Germany"]
[Date "2013.04.14"]
[Round "9.7"]
[White "Goebel, Constantin"]
[Black "Sieglen, Joachim"]
[Result "1/2-1/2"]
[WhiteElo "2247"]
[BlackElo "2269"]
[PlyCount "85"]
[EventDate "2012.10.14"]
[EventType "team-tourn"]
[EventRounds "9"]
[EventCountry "GER"]
[SourceTitle "CBM 154 Extra"]
[Source "ChessBase"]
[SourceDate "2013.06.25"]
[SourceVersion "2"]
[SourceVersionDate "2013.06.25"]
[SourceQuality "1"]
[WhiteTeam "Schott Mainz"]
[BlackTeam "Untergrombach"]
[WhiteTeamCountry "GER"]
[BlackTeamCountry "GER"]

1. e4 e6 2. d4 d5 3. Nc3 Bb4 4. e5 c5 5. a3 Bxc3+ 6. bxc3 Ne7 7. Nf3 b6 8. Bb5+ Bd7 9. Bd3 Ba4 10. h4 Nbc6 11. h5 h6 12. Be3 c4 13. Be2 Qd7 14. Nh2 0-0-0 15. Ng4 Rdf8 16. Bf3 Nf5 17. Bf4 Qe7 18. Ra2 Qd7 19. g3 Nfe7 20. Qe2 Nf5 21. Bg2 Nce7 22. Rb2 Nc6 23. 0-0 Qe7 24. Ra2 Rd8 25. Bh3 Kb7 26. Bg2 Kc8 27. Ne3 Nxe3 28. fxe3 Na5 29. e4 Bc6 30. exd5 Bxd5 31. Bxd5 Rxd5 32. Qg4 Qf8 33. a4 Rg8 34. Bc1 Qe8 35. Qf3 f5 36. Kf2 Qc6 37. Ba3 Rd7 38. Qxc6+ Nxc6 39. Rb1 g5 40. Bd6 Na5 41. Bb4 Nc6 42. Bd6 Na5 43. Bb4 1/2-1/2

[Event "BL2-Sued 1213"]
[Site "Germany"]
[Date "2013.01.13"]
[Round "5.7"]
[White "Goebel, Constantin"]
[Black "Boehm, Martin"]
[Result "0-1"]
[WhiteElo "2247"]
[BlackElo "2262"]
[PlyCount "130"]
[EventDate "2012.10.14"]
[EventType "team-tourn"]
[EventRounds "9"]
[EventCountry "GER"]
[SourceTitle "CBM 154 Extra"]
[Source "ChessBase"]
[SourceDate "2013.06.25"]
[SourceVersion "2"]
[SourceVersionDate "2013.06.25"]
[SourceQuality "1"]
[WhiteTeam "Schott Mainz"]
[BlackTeam "Boeblingen"]
[WhiteTeamCountry "GER"]
[BlackTeamCountry "GER"]

1. e4 c5 2. Nf3 e6 3. d4 cxd4 4. Nxd4 a6 5. Nc3 Nc6 6. Be2 Qc7 7. Be3 Nf6 8. a3 b5 9. 0-0 Bb7 10. f4 d6 11. Bf3 Be7 12. Qe1 0-0 13. Rd1 Rac8 14. Qg3 Na5 15. f5 e5 16. Nde2 Kh8 17. Kh1 Bc6 18. Bg5 Nc4 19. Bc1 Qb7 20. Qh3 a5 21. Ng3 b4 22. Nd5 Bxd5 23. exd5 bxa3 24. bxa3 Nb2 25. Rde1 Rxc2 26. Be4 Rc3 27. Rf3 Rfc8 28. Bd2 Rxf3 29. gxf3 Nc4 30. Bc1 Qb3 31. Bg5 Qc3 32. Rg1 Nd2 33. Bxd2 Qxd2 34. Qg2 Qxg2+ 35. Kxg2 Rc3 36. Ra1 g6 37. Ra2 Kg7 38. Kf1 h5 39. fxg6 fxg6 40. Kf2 h4 41. Ne2 Nxe4+ 42. fxe4 Rh3 43. Kg1 Re3 44. Rc2 Bd8 45. Nc3 Bb6 46. Kf1 Bc5 47. a4 Bb4 48. Nb5 Rxe4 49. Rc6 Bc5 50. Nxd6 Bxd6 51. Rxd6 Rxa4 52. Re6 Rd4 53. Rxe5 Kf6 54. Re3 Rxd5 55. Ra3 Ke5 56. Ra4 g5 57. Kg2 Kd6 58. Kf3 Rf5+ 59. Ke3 Kc6 60. Ra1 Kb5 61. Rb1+ Kc4 62. Ra1 Kc3 63. Ke4 Rb5 64. Ke3 Re5+ 65. Kf3 Kb2 0-1

[Event "BL2-Sued 1213"]
[Site "Germany"]
[Date "2012.11.11"]
[Round "2.7"]
[White "Nazarenus, Moritz"]
[Black "Goebel, Constantin"]
[Result "1/2-1/2"]
[WhiteElo "2248"]
[BlackElo "2247"]
[PlyCount "72"]
[EventDate "2012.10.14"]
[EventType "team-tourn"]
[EventRounds "9"]
[EventCountry "GER"]
[SourceTitle "CBM 154 Extra"]
[Source "ChessBase"]
[SourceDate "2013.06.25"]
[SourceVersion "2"]
[SourceVersionDate "2013.06.25"]
[SourceQuality "1"]
[WhiteTeam "Schoeneck"]
[BlackTeam "Schott Mainz"]
[WhiteTeamCountry "GER"]
[BlackTeamCountry "GER"]

1. d4 Nf6 2. c4 e6 3. Nf3 Bb4+ 4. Nbd2 0-0 5. g3 d5 6. Qc2 c5 7. dxc5 Bxc5 8. Bg2 Qb6 9. e3 Nc6 10. 0-0 Rd8 11. a3 a5 12. b3 d4 13. exd4 Bxd4 14. Bb2 e5 15. Nxd4 Nxd4 16. Bxd4 exd4 17. Rad1 Bg4 18. Bf3 Qc5 19. Bxg4 d3 20. Qc3 Nxg4 21. Nf3 Qf5 22. Nh4 Qd7 23. Rd2 Nf6 24. Re1 Ra6 25. Re3 Rd6 26. Qxa5 Ng4 27. Re1 Ra6 28. Qf5 g6 29. Qxd7 Rxd7 30. h3 Nf6 31. Re3 Rxa3 32. Rdxd3 Rxd3 33. Rxd3 Ne4 34. Rd4 Nc3 35. Rd8+ Kg7 36. b4 Ra4 1/2-1/2

[Event "GER-ch Net qual4 U25"]
[Site "Playchess.com INT"]
[Date "2012.09.12"]
[Round "4"]
[White "Bluebaum, Matthias"]
[Black "Goebel, Constantin"]
[Result "1-0"]
[WhiteElo "2413"]
[BlackElo "2215"]
[PlyCount "105"]
[EventDate "2012.09.12"]
[EventType "swiss (blitz)"]
[EventRounds "7"]
[EventCountry "GER"]
[SourceTitle "CBM 150 Extra"]
[Source "ChessBase"]
[SourceDate "2012.10.19"]
[SourceVersion "1"]
[SourceVersionDate "2012.10.19"]
[SourceQuality "1"]

1. d4 Nf6 2. c4 e6 3. Nf3 Bb4+ 4. Bd2 c5 5. Bxb4 cxb4 6. a3 Na6 7. e3 0-0 8. c5 bxa3 9. Rxa3 Nb4 10. Be2 a5 11. 0-0 b6 12. cxb6 Qxb6 13. Nbd2 Bb7 14. Nc4 Qc7 15. Rc3 Ne4 16. Rc1 Qb8 17. Nb6 Bc6 18. Nxa8 Qxa8 19. Ne5 Rb8 20. Nxc6 Nxc6 21. Bf3 Nd6 22. Qa4 Rb6 23. Rc2 h6 24. Rfc1 Qb8 25. Bxc6 dxc6 26. Rxc6 Rxb2 27. Qxa5 Kh7 28. Qe5 Rb1 29. g3 Qb2 30. Rxb1 Qxb1+ 31. Kg2 Ne4 32. Qa5 Nd2 33. Qxd2 Qe4+ 34. f3 Qxc6 35. Qd3+ g6 36. e4 Kg7 37. h4 Qb6 38. d5 exd5 39. exd5 Kf6 40. d6 Ke6 41. d7 Qd8 42. Qe3+ Kxd7 43. Qxh6 Qf6 44. Qd2+ Ke8 45. Qb4 Qc6 46. Qe4+ Qe6 47. Qxe6+ fxe6 48. Kh3 Kf7 49. Kg4 Kf6 50. Kf4 e5+ 51. Ke4 Ke6 52. g4 Kf6 53. Kd5 1-0

[Event "Nuremberg LGA Cup 9th"]
[Site "Nuremberg"]
[Date "2012.09.09"]
[Round "6"]
[White "Goebel, Constantin"]
[Black "Koepke, Christian"]
[Result "1-0"]
[WhiteElo "2231"]
[BlackElo "2364"]
[PlyCount "65"]
[EventDate "2012.09.06"]
[EventType "swiss"]
[EventRounds "7"]
[EventCountry "GER"]
[SourceTitle "CBM 150 Extra"]
[Source "ChessBase"]
[SourceDate "2012.10.19"]
[SourceVersion "1"]
[SourceVersionDate "2012.10.19"]
[SourceQuality "1"]

1. e4 c5 2. Nf3 d6 3. d4 cxd4 4. Nxd4 Nf6 5. Nc3 g6 6. Be3 Bg7 7. f3 0-0 8. Qd2 Nc6 9. g4 Be6 10. Nxe6 fxe6 11. 0-0-0 Ne5 12. Be2 Qc8 13. g5 Nh5 14. Rhf1 a6 15. Bd4 Nf4 16. Kb1 b5 17. a3 Rb8 18. Na2 a5 19. Be3 Nc4 20. Bxc4 bxc4 21. Bd4 Bxd4 22. Qxd4 Ne2 23. Qa7 Qc6 24. Qxa5 Rb5 25. Qa7 c3 26. b3 Ra8 27. Qxe7 Rxb3+ 28. cxb3 c2+ 29. Kb2 cxd1N+ 30. Rxd1 Rc8 31. Qxe6+ Kh8 32. Rd2 Ng1 33. h4 1-0

[Event "Nuremberg LGA Cup 9th"]
[Site "Nuremberg"]
[Date "2012.09.07"]
[Round "3"]
[White "Goebel, Constantin"]
[Black "Fiedler, Wolfgang"]
[Result "1-0"]
[WhiteElo "2231"]
[BlackElo "2016"]
[PlyCount "59"]
[EventDate "2012.09.06"]
[EventType "swiss"]
[EventRounds "7"]
[EventCountry "GER"]
[SourceTitle "CBM 150 Extra"]
[Source "ChessBase"]
[SourceDate "2012.10.19"]
[SourceVersion "1"]
[SourceVersionDate "2012.10.19"]
[SourceQuality "1"]

1. e4 c5 2. Nf3 Nc6 3. d4 cxd4 4. Nxd4 e5 5. Nb5 a6 6. Nd6+ Bxd6 7. Qxd6 Qf6 8. Qc7 Qe7 9. Nc3 Nf6 10. Bg5 0-0 11. Qb6 Qb4 12. Qxb4 Nxb4 13. 0-0-0 d5 14. Bxf6 gxf6 15. exd5 Bf5 16. Rd2 a5 17. g4 Bg6 18. f4 exf4 19. a3 Na6 20. Bxa6 Rxa6 21. Rf1 f5 22. gxf5 Bxf5 23. Rxf4 Bg6 24. Nb5 Rd8 25. c4 a4 26. Re2 Rc8 27. Re3 Rb6 28. Nc3 Rb3 29. d6 Rd8 30. c5 1-0

[Event "Nuremberg LGA Cup 9th"]
[Site "Nuremberg"]
[Date "2012.09.07"]
[Round "2"]
[White "Mainka, Romuald"]
[Black "Goebel, Constantin"]
[Result "1-0"]
[WhiteElo "2457"]
[BlackElo "2231"]
[PlyCount "67"]
[EventDate "2012.09.06"]
[EventType "swiss"]
[EventRounds "7"]
[EventCountry "GER"]
[SourceTitle "CBM 150 Extra"]
[Source "ChessBase"]
[SourceDate "2012.10.19"]
[SourceVersion "1"]
[SourceVersionDate "2012.10.19"]
[SourceQuality "1"]

1. e4 c5 2. Nf3 Nc6 3. Bb5 e6 4. Bxc6 bxc6 5. d3 Bd6 6. 0-0 Ne7 7. Ng5 f6 8. Nh3 0-0 9. Qe2 Bc7 10. f4 d5 11. Nc3 Rb8 12. Nf2 g6 13. Kh1 Kg7 14. b3 Qd6 15. e5 fxe5 16. fxe5 Qd7 17. Ba3 Bb6 18. Na4 Nf5 19. Ng4 Qe7 20. Nf6 Ba6 21. c4 Rbd8 22. Rad1 d4 23. Bc1 h6 24. Rf3 Bc7 25. Rdf1 Bc8 26. Qe1 g5 27. Nb2 Bb8 28. Rh3 Qc7 29. Ng4 Kg6 30. Qe2 Nh4 31. Re1 Nf5 32. Nxh6 Ng7 33. Qe4+ Nf5 34. Qg4 1-0

[Event "Nuremberg LGA Cup 9th"]
[Site "Nuremberg"]
[Date "2012.09.06"]
[Round "1"]
[White "Goebel, Constantin"]
[Black "Winterholler, Christina"]
[Result "1-0"]
[WhiteElo "2231"]
[BlackElo "1856"]
[PlyCount "79"]
[EventDate "2012.09.06"]
[EventType "swiss"]
[EventRounds "7"]
[EventCountry "GER"]
[SourceTitle "CBM 150 Extra"]
[Source "ChessBase"]
[SourceDate "2012.10.19"]
[SourceVersion "1"]
[SourceVersionDate "2012.10.19"]
[SourceQuality "1"]

1. e4 e5 2. Nf3 Nc6 3. Bb5 a6 4. Ba4 Nf6 5. 0-0 Nxe4 6. d4 b5 7. Bb3 d5 8. dxe5 Be6 9. c3 Qd7 10. Nbd2 Nc5 11. Bc2 Bg4 12. h3 Bh5 13. Re1 Be7 14. Nf1 Rd8 15. Ng3 Bg6 16. Nd4 Nxd4 17. cxd4 Nb7 18. e6 Qc6 19. exf7+ Kxf7 20. Rxe7+ Kxe7 21. Bg5+ Kf8 22. Bxg6 Qxg6 23. Bxd8 Nxd8 24. Qf3+ Qf7 25. Qa3+ Qe7 26. Qxa6 Qb4 27. Qc8 Ke8 28. Qxc7 Qe7 29. Qb8 Kf7 30. Qxb5 Qe6 31. a4 Nc6 32. Rc1 Rc8 33. Qb7+ Kg6 34. a5 Ne7 35. Rxc8 Nxc8 36. a6 h6 37. a7 Nxa7 38. Qxa7 Qe1+ 39. Kh2 Qxf2 40. Qd7 1-0

[Event "GER-ch Net qual2 U18"]
[Site "Playchess.com INT"]
[Date "2012.09.05"]
[Round "2"]
[White "Goebel, Constantin"]
[Black "Donchenko, Alexander"]
[Result "1/2-1/2"]
[WhiteElo "2170"]
[BlackElo "2357"]
[PlyCount "104"]
[EventDate "2012.09.05"]
[EventType "swiss (blitz)"]
[EventRounds "7"]
[EventCountry "GER"]
[SourceTitle "CBM 150 Extra"]
[Source "ChessBase"]
[SourceDate "2012.10.19"]
[SourceVersion "1"]
[SourceVersionDate "2012.10.19"]
[SourceQuality "1"]

1. e4 d6 2. d4 Nf6 3. Nc3 g6 4. Nf3 Bg7 5. h3 c6 6. a4 Nbd7 7. Be3 e5 8. dxe5 dxe5 9. Qd6 Qe7 10. Rd1 Qxd6 11. Rxd6 Ke7 12. Rd2 Re8 13. Nxe5 Kf8 14. Nxd7+ Bxd7 15. f3 Be6 16. Be2 Nd7 17. Kf2 Nb6 18. a5 Nc4 19. Bxc4 Bxc4 20. Rd7 Ba6 21. Rhd1 Bf6 22. Rc7 Red8 23. Rdd7 Rxd7 24. Rxd7 Ke8 25. Rd2 Rd8 26. f4 Bxc3 27. Rxd8+ Kxd8 28. bxc3 Bb5 29. Bxa7 Ba4 30. Ke3 Bxc2 31. g4 Kd7 32. Bd4 h5 33. f5 hxg4 34. hxg4 gxf5 35. exf5 Ke7 36. Kf4 f6 37. Bc5+ Kf7 38. g5 fxg5+ 39. Kxg5 Bd3 40. Kf4 Bc2 41. Ke5 Bd3 42. Bd4 Bc4 43. Kd6 Bd3 44. Kc7 Ba6 45. Kb6 Ke7 46. f6+ Kf7 47. c4 Ke6 48. Kc7 Kf7 49. Bc3 Ke6 50. Kd8 Kf7 51. Kc8 b6+ 52. Kc7 bxa5 1/2-1/2

[Event "GER-ch Net qual2 U18"]
[Site "Playchess.com INT"]
[Date "2012.09.05"]
[Round "3"]
[White "Goebel, Constantin"]
[Black "Lampert, Jonas"]
[Result "1/2-1/2"]
[WhiteElo "2170"]
[BlackElo "2354"]
[PlyCount "172"]
[EventDate "2012.09.05"]
[EventType "swiss (blitz)"]
[EventRounds "7"]
[EventCountry "GER"]
[SourceTitle "CBM 150 Extra"]
[Source "ChessBase"]
[SourceDate "2012.10.19"]
[SourceVersion "1"]
[SourceVersionDate "2012.10.19"]
[SourceQuality "1"]

1. e4 c5 2. Nf3 d6 3. d4 cxd4 4. Nxd4 Nf6 5. Nc3 Nc6 6. Bg5 e6 7. f4 h6 8. Bxf6 Qxf6 9. Nb3 g5 10. f5 Bg7 11. Qxd6 exf5 12. Qxf6 Bxf6 13. Nd5 Be5 14. exf5 Bxf5 15. 0-0-0 0-0-0 16. Bb5 Rhe8 17. Nc5 Bg4 18. Rd2 Kb8 19. c4 Bd6 20. Nd3 Re2 21. h3 Rxd2 22. Kxd2 Be6 23. b3 Nb4 24. N3xb4 Bxb4+ 25. Kc2 Bxd5 26. cxd5 Rxd5 27. Bd3 Rc5+ 28. Kb2 Bc3+ 29. Kb1 Be5 30. Rf1 f6 31. Rd1 a6 32. Bc4 Rc7 33. Rd8+ Ka7 34. Rh8 b5 35. Bd3 Rc3 36. Bc2 Re3 37. Bd1 Rd3 38. Kc2 Rc3+ 39. Kb1 Re3 40. Rxh6 Kb6 41. Kc2 Kc5 42. Kd2 Re4 43. Rh7 Bf4+ 44. Kc2 Rd4 45. Bf3 Rd2+ 46. Kb1 Kb4 47. Ra7 Kc3 48. Rxa6 Rb2+ 49. Ka1 Rf2 50. Rc6+ Kb4 51. Kb1 Ka3 52. Ra6+ Kb4 53. Bd5 Rd2 54. a3+ Kc3 55. Rc6+ Kd4 56. Bf3 Ke3 57. Rc5 Be5 58. Rxb5 Rb2+ 59. Kc1 Ra2 60. a4 Kd3 61. Rd5+ Kc3 62. Kd1 Kxb3 63. a5 Kc4 64. Rd2 Ra1+ 65. Ke2 Rxa5 66. Rc2+ Kd4 67. Rd2+ Kc3 68. Rd5 Ra2+ 69. Ke3 Bf4+ 70. Ke4 Be5 71. Kf5 Rf2 72. Rxe5 fxe5 73. Kxe5 Kd2 74. Kf5 Ke3 75. Kxg5 Kd4 76. Kg6 Ke5 77. h4 Ke6 78. h5 Ra2 79. Kg7 Ra7+ 80. Kg6 Ke7 81. h6 Kf8 82. h7 Ra6+ 83. Kg5 Kg7 84. Be4 Ra5+ 85. Kf4 Rb5 86. g4 Rb4 1/2-1/2

[Event "GER-ch Net qual2 U18"]
[Site "Playchess.com INT"]
[Date "2012.09.05"]
[Round "6"]
[White "Neef, Maximilian"]
[Black "Goebel, Constantin"]
[Result "1-0"]
[WhiteElo "2265"]
[BlackElo "2170"]
[PlyCount "59"]
[EventDate "2012.09.05"]
[EventType "swiss (blitz)"]
[EventRounds "7"]
[EventCountry "GER"]
[SourceTitle "CBM 150 Extra"]
[Source "ChessBase"]
[SourceDate "2012.10.19"]
[SourceVersion "1"]
[SourceVersionDate "2012.10.19"]
[SourceQuality "1"]

1. c4 Nf6 2. Nc3 e6 3. e4 d5 4. e5 d4 5. exf6 dxc3 6. bxc3 Qxf6 7. Nf3 b6 8. d4 Bb7 9. Be2 Bd6 10. 0-0 0-0 11. Bg5 Qg6 12. Qd2 Nd7 13. Nh4 Qe4 14. Bf3 f5 15. Bxe4 fxe4 16. g3 h6 17. Be3 Nf6 18. Ng6 Rf7 19. Nf4 Re8 20. h3 Nh7 21. Ng2 Bc8 22. Kh2 Rf5 23. Bf4 Bxf4 24. gxf4 e5 25. dxe5 Rh5 26. h4 Be6 27. Rh1 Nf8 28. Qe2 Bf7 29. Qxe4 Ng6 30. Kg1 1-0